| Tag |
First Indicator |
Second Indicator |
Subfields |
| LEADER |
00000cgm a2200000 a 4500 |
| 001 |
in00000016504 |
| 005 |
20151007052805.0 |
| 007 |
vf cbaho| |
| 008 |
870427s1986 xxu017| ||||| 0vneng d |
| 035 |
|
|
|a (OCoLC)15598187
|
| 035 |
|
|
|9 AAA9194AM
|
| 040 |
|
|
|a RIC
|c RIC
|d m/c
|d TXA
|d UtOrBLW
|
| 043 |
|
|
|a e-it---
|
| 049 |
|
|
|a TXAV
|c [A10147306]
|
| 050 |
|
4 |
|a NA5623.A57
|b A57 1986
|
| 245 |
0 |
0 |
|a Antelami, the baptistery of Parma /
|c Romor Film ; director, Carlo L. Ragghianti.
|
| 264 |
|
1 |
|a Northbrook, Ill. :
|b The Roland Collection of Films on Art,
|c 1986.
|
| 300 |
|
|
|a 1 videocassette (17 min.) :
|b sound, color ;
|c 1/2 in.
|
| 336 |
|
|
|a two-dimensional moving image
|b tdi
|2 rdacontent
|
| 337 |
|
|
|a video
|b v
|2 rdamedia
|
| 338 |
|
|
|a videocassette
|b vf
|2 rdacarrier
|
| 490 |
1 |
|
|a Anthony Roland collection of films on art
|
| 508 |
|
|
|a Photography, Carlo Ventimiglia ; music, Daniele Paris.
|
| 500 |
|
|
|a VHS format.
|
| 521 |
|
|
|a Italian.
|
| 520 |
|
|
|a Antelami was one of the first craftsmen to emerge from the anonymity of Medieval craftsmen. For the mass baptisms of the time he designed a tower of such boldness and clarity it still delights the eye.
|
| 500 |
|
|
|a Videorecording.
|
| 610 |
2 |
0 |
|a Battistero (Parma, Italy)
|
| 600 |
1 |
0 |
|a Antelami, Benedetto,
|d active 1177-1233.
|
| 650 |
|
0 |
|a Baptisteries.
|
| 650 |
|
0 |
|a Fonts.
|
| 710 |
2 |
|
|a Anthony Roland Collection of Film on Art.
|
| 710 |
2 |
|
|a Romor films.
|
| 740 |
4 |
|
|a The baptistery of Parma.
|
| 830 |
|
0 |
|a Roland Films on Art.
|
| 999 |
|
|
|a MARS
|
| 999 |
f |
f |
|s 8d3b82de-6025-3ddc-a0d9-de835aff775a
|i ace4dd41-9a51-3edd-88b7-36d89959bb64
|t 0
|
| 952 |
f |
f |
|a Texas A&M University
|b College Station
|c Sterling C. Evans Library
|d Evans: Media and Reserves (Annex 1st floor)
|t 0
|e NA5623.A57 A57 1986
|h Library of Congress classification
|
| 998 |
f |
f |
|a NA5623.A57 A57 1986
|t 0
|l Evans: Media and Reserves (Annex 1st floor)
|